000
00216 a2200097 4500
245
_a
Fox in the attic
_h
Text
100
_a
Richard Hughes
650
_a
literature
005
20191017173350.0
260
_b
Harper & Row
_c
1961
084
_a
P23.8735F6
999
_c
10160
_d
10160